The Bacillus thuringiensis vegetative insecticidal protein Vip3A lyses midgut epithelium cells of susceptible insects /

Đã lưu trong:
書目詳細資料
其他作者: Estruch, J. J., Koziel , M. G., Mullins, M. A., Warren, G. W., Yu, C. G.
格式: Bài viết
語言:English
主題:
標簽: 添加標簽
沒有標簽, 成為第一個標記此記錄!
Thư viện lưu trữ: Thư viện Trường Đại học Đà Lạt
LEADER 01078nam a2200361 4500
001 DLU090095982
005 ##20091201
040 # # |a DLU  |b eng 
041 # # |a eng 
044 # # |a us 
245 # # |a The Bacillus thuringiensis vegetative insecticidal protein Vip3A lyses midgut epithelium cells of susceptible insects /  |c C. G. Yu ... [et al.]. 
653 # # |a Bacillus thuringiensis 
653 # # |a Bacteria 
653 # # |a Histopathology 
653 # # |a Insecta 
653 # # |a Invertebrata 
653 # # |a Lysis 
653 # # |a Microbial insecticides 
700 # # |a Estruch, J. J. 
700 # # |a Koziel , M. G. 
700 # # |a Mullins, M. A.  
700 # # |a Warren, G. W. 
700 # # |a Yu, C. G.  
773 # # |t Applied and Environmental Microbiology  |g Vol. 63, no. 2 (February 1997), p. 532-536 
920 # # |a Phòng Tạp chí -- Trung tâm Thông tin - Thư viện Trường Đại học Đà Lạt 
994 # # |a DLU 
900 # # |a True 
911 # # |a Trương Bảo Trâm Anh 
925 # # |a G 
926 # # |a A 
927 # # |a BB 
980 # # |a Thư viện Trường Đại học Đà Lạt